00282nam a22001097a 4500020001800000082001200018100001800030245005900048260003200107300000800139650002500147 a0-88344-734-7 a291 SAM aSamartha S.J. aOne Christ many Religion: toward a revised Christology aNew YorkbORBIS Booksc2014 a222 aComparative Religion